Statistiques concernant Paroles - Famille - Jean-Jacques Goldman

Cliquez ici pour prendre le quiz!

Statistiques générales

  • Ce quiz a été pris 151 fois
  • Le résultat moyen est 281 sur 348

Statistiques - réponses

Réponse% Correct
de
100%
De
100%
famille
99%
je
99%
Je
99%
ma
99%
Tu
98%
tu
98%
es
97%
à
96%
ce
96%
mon
96%
que
96%
Et
95%
et
95%
rang
91%
celle
89%
Celle
89%
sang
89%
te
88%
dans
87%
Dans
87%
Du
87%
du
87%
j'ai
87%
bien
86%
Bien
86%
cet
86%
Des
86%
des
86%
plus
86%
ordre
85%
ressens
85%
cette
83%
en
82%
choisie
81%
pas
81%
le
80%
Mais
80%
armée
79%
gens
79%
toi
79%
simples
78%
c'est
76%
pense
76%
Quand
76%
monde
75%
ni
75%
Ni
75%
75%
75%
ou
75%
suis
75%
étrange
74%
tout
74%
ta
72%
ton
71%
ça
70%
sais
70%
Loin
68%
loin
68%
n'a
68%
secondes
68%
s'il
68%
Comme
67%
silence
66%
vas
66%
d'importance
65%
nom
65%
tes
65%
T'es
65%
maison
64%
tiens
64%
comment
63%
pourquoi
62%
un
62%
poignées
60%
regard
60%
ville
60%
crois
58%
mains
58%
Qu'il
58%
rose
58%
Blanc
57%
grand
57%
protège
57%
une
57%
bizarre
56%
chose
56%
crever
56%
gris
55%
même
55%
Même
55%
noir
55%
parti
55%
perdants
55%
J'connais
54%
bâtard
53%
riche
53%
reconnais
52%
Pauvre
51%
tomberas
51%
cherches
50%
endroit
50%
viscéralement
49%
Consciemment
48%
les
48%
regardes
48%
image
47%
temps
47%
bas
46%
parfois
46%
besoin
45%
dérive
45%
aura
43%
bouts
43%
Petits
43%
petits
43%
qu'on
43%
riens
43%
entend
42%
Tant
41%
raisin
40%
nos
39%
vent
39%
grains
37%
vies
36%
Croisons
35%
prends
35%
bonheurs
33%
habitant
27%

Distribution des résultats

Percentile par nombre de réponses

% des personnes avec chaque résultat

Votre développement - résultats

Vous n’avez pas pris ce quiz